| 000 | 00579cam a2200217 4500 | ||
|---|---|---|---|
| 001 | M88899 | ||
| 008 | 090401t1977 xxu||||| |||| 00| 0 eng d | ||
| 035 | _a(Sirsi) u83294 | ||
| 041 | _aeng | ||
| 050 | _a333.335 | ||
| 110 |
_aAgricultural Development Advisory Service _93357 |
||
| 245 | _aFarm rents in England and Wales : 1976 enquiry. | ||
| 260 |
_aPinner, Middx _bMAFF Publications _c1977 |
||
| 300 | _a29p. ; 30cm. | ||
| 350 | _a0 | ||
| 490 |
_aADAS Technical Report _v19/8 |
||
| 650 | _aFARM RENTS | ||
| 690 | _aRURAL PRACTICE | ||
| 942 | _n0 | ||
| 948 | _c23/01/1998 | ||
| 999 |
_c96882 _d96882 |
||